| Tag |
First Indicator |
Second Indicator |
Subfields |
| LEADER |
00000cam a2200000 4500 |
| 001 |
in00001577921 |
| 005 |
20220103183116.0 |
| 006 |
m u |
| 007 |
cr cn||||||||| |
| 008 |
001006s1990 nyuab sbs s001 0 eng |
| 010 |
|
|
|z 89048538
|
| 020 |
|
|
|a 0585064822 (electronic bk.) :
|c $64.50
|
| 020 |
|
|
|z 0791403939
|
| 020 |
|
|
|z 0791403947 (pbk.)
|
| 035 |
|
|
|a 8451
|b (N$T)
|
| 035 |
|
|
|a nL8451
|
| 040 |
|
|
|a N$T
|c N$T
|d UtOrBLW
|
| 043 |
|
|
|a n-us---
|
| 050 |
1 |
0 |
|a HV6529
|b .R67 1990eb
|
| 082 |
0 |
4 |
|a 364.1/52/08996073
|2 20
|
| 100 |
1 |
|
|a Rose, Harold M.
|0 http://id.loc.gov/authorities/names/n50048434
|
| 245 |
1 |
0 |
|a Race, place, and risk :
|b black homicide in urban America /
|c Harold M. Rose and Paula D. McClain.
|
| 264 |
|
1 |
|a Albany :
|b State University of New York Press,
|c [1990]
|
| 264 |
|
4 |
|c ©1990
|
| 300 |
|
|
|a xvii, 297 pages :
|b illustrations, maps ;
|c 24 cm.
|
| 336 |
|
|
|a text
|b txt
|2 rdacontent
|
| 337 |
|
|
|a computer
|b c
|2 rdamedia
|
| 338 |
|
|
|a online resource
|b cr
|2 rdacarrier
|
| 490 |
1 |
|
|a SUNY series in Afro-American studies
|
| 504 |
|
|
|a Includes bibliographical references (pages [261]-286) and index.
|
| 533 |
|
|
|a Electronic reproduction.
|b Boulder, Colo. :
|c NetLibrary,
|d 1999.
|n Available via World Wide Web.
|n Access may be limited to NetLibrary affiliated libraries.
|
| 500 |
|
|
|a Electronic resource.
|
| 650 |
|
0 |
|a Homicide
|z United States.
|0 http://id.loc.gov/authorities/subjects/sh2008121829
|
| 650 |
|
0 |
|a African American criminals.
|0 http://id.loc.gov/authorities/subjects/sh85001833
|
| 650 |
|
0 |
|a African Americans
|x Crimes against.
|0 http://id.loc.gov/authorities/subjects/sh85001942
|
| 650 |
|
0 |
|a Discrimination in criminal justice administration
|z United States.
|0 http://id.loc.gov/authorities/subjects/sh2008102307
|
| 655 |
|
0 |
|a Electronic books.
|
| 700 |
1 |
|
|a McClain, Paula Denice.
|0 http://id.loc.gov/authorities/names/n80017040
|
| 710 |
2 |
|
|a NetLibrary, Inc.
|0 http://id.loc.gov/authorities/names/no99080690
|
| 776 |
0 |
|
|c Original
|w (DLC) 89048538
|
| 830 |
|
0 |
|a SUNY series in Afro-American studies.
|0 http://id.loc.gov/authorities/names/n86730248
|
| 856 |
4 |
1 |
|u https://proxy.library.tamu.edu/login?url=http://www.netLibrary.com/urlapi.asp?action=summary&v=1&bookid=8451
|z Connect to the full text of this electronic book
|t 0
|
| 999 |
|
|
|a MARS
|
| 999 |
f |
f |
|s fd3d0d2a-73dc-3ee3-a930-ee1222a35c79
|i 11453e75-40e5-3c93-abeb-1bb8095e6f9d
|t 0
|
| 952 |
f |
f |
|a Texas A&M University
|b College Station
|c Electronic Resources
|d Available Online
|t 0
|e HV6529 .R67 1990eb
|h Library of Congress classification
|
| 998 |
f |
f |
|a HV6529 .R67 1990eb
|t 0
|l Available Online
|